00989nam a2200217 a 450000100100000000500170001000800410002702000180006804000250008610000360011124500830014726000510023030000210028150000380030250400310034058600470037195201200041895201050053895201110064399900170075400003769620201002031113.0121115s2012 dr 000 0 spa d a9789945868890 aDO-SdBNPbspacBNPHU1 aCarreras Aguilera, Pedro94343813aLa escuela nueva :bideología y culto a Trujillo /cPedro Carreras Aguilera. aPuerto Plata :bEdiciones Renovación,c2012. a153 p. ;c24 cm. aIncluye notas al pie de páginas aBibliografía: p. 145-149 aPremio Rufino Martínez, Género Ensayos 001054708DSaGRbGRcCTd2013-02-28iLF1l0o p37696-30r2020-06-25te. 3w2020-06-25yLFDSZPréstamo en sala 0010718PDaPDbPDcHDd2013-02-28iLF1l0o p37696-10r2020-06-25w2020-06-25yLFPDZNo se presta 0010718PDaPDbPDcCTd2013-02-28iLF1l0o p37696-20r2020-06-25te. 2w2020-06-25yLFPDZNo se presta c37186d37186